| 000 | 00623 a2200217 4500 | ||
|---|---|---|---|
| 003 | NLI | ||
| 005 | 20231106171201.0 | ||
| 008 | 230331s2019 ii ||||| |||| 00| 0 eng d | ||
| 020 |
_a9789389763652 _cRs.150.00 _qpbk. |
||
| 040 |
_aNLI _beng _cEPD |
||
| 041 | _aeng | ||
| 082 |
_223rd _a823 _bT 739 |
||
| 100 | 1 |
_aTrivedi, Rashmi _9856 |
|
| 245 | 1 | 0 |
_a2047 the unifier : _bsometimes history needs to be revisited to create history / _cRashmi Trivedi |
| 260 |
_aDelhi : _bBlue Rose Publishers, _c2019. |
||
| 300 |
_a258p. ; _c20cm. |
||
| 650 | _aEnglish fiction | ||
| 887 | _2Pravinbp1 | ||
| 887 | _2Pravinbp2 | ||
| 942 |
_2ddc _cBKS |
||
| 999 |
_c577 _d577 |
||